Κατάλογος Βιβλιοθηκών Mediterranean College

The Hite Report on Love, Passion and Emotional Violence (Record no. 2501)

MARC details
000 -LEADER
fixed length control field 01481cam a22002054a 4500
005 - ΗΜΕΡΟΜΗΝΙΑ ΚΑΙ ΩΡΑ ΤΕΛΕΥΤΑΙΑΣ ΕΝΗΜΕΡΩΣΗΣ
Πεδίο ελέγχου 20250605164044.0
008 - FIXED-LENGTH DATA ELEMENTS--GENERAL INFORMATION
Πεδίο ελέγχου σταθερού μήκους 250528s ||||||||||||||||||||||||d
035 ## - SYSTEM CONTROL NUMBER
System control number 17061
020 ## - ISBN
ISBN 356201295
040 ## - ΠΗΓΗ ΚΑΤΑΛΟΓΟΓΡΑΦΗΣΗΣ
Φορέας πρωτότυπης καταλογογράφησης MC Athens Campus Library
Γλώσσα καταλογογράφησης Ελληνικά, Μοντέρνα (1453-)
Modifying agency MC Athens Campus Library
Κανόνες περιγραφικής καταλογογράφησης AACR2
245 1# - ΤΙΤΛΟΣ ΚΑΙ ΔΗΛΩΣΗ ΥΠΕΥΘΥΝΟΤΗΤΑΣ
Τίτλος The Hite Report on Love, Passion and Emotional Violence
260 ## - PUBLICATION, DISTRIBUTION, ETC.
Date of publication, distribution, etc. 1991
300 ## - PHYSICAL DESCRIPTION
Extent 922
520 ## - SUMMARY, ETC.
Summary, etc. This book provides a new cultural interpretation of love and female psychology. Acknowledgements, The Emotional Contract: Emotional Life in Marriages and Love Relationships with Men, The Major Problems in Love Relationships, Fighting and Arguing in Relationships: What Do They Mean?, The Ideology Behind the System - Women's Giving and Men's ''Being'', Being Single: Women and Autonomy, Four Single Women Describe Their Lives, Dating Men: Fun or Russian Roulette?, Inside Dating Relationships: How Are Women Feeling?, Loving Men Who Are ''Bad For You'': The Myth of Female Masochism, Single Women Debate Whether to Marry, Marriage and the Nature of Love, Extramarital Sex and Affairs, Finances and Housework, Women's Feelings about Divorce, Women Loving Women, To Transform the Culture with Our Values, Loving Men at This Time in History, Friendships Between Women: Another Culture and Another Way of Life, To Make a World in Which More Love Can Flourish, Bibliography and Additional Reading.
700 1# - ΠΡΟΣΘΕΤΗ ΑΝΑΓΡΑΦΗ--ΦΥΣΙΚΟ ΠΡΟΣΩΠΟ
Personal name Hite Shere
9 (RLIN) 3192
700 1# - ΠΡΟΣΘΕΤΗ ΑΝΑΓΡΑΦΗ--ΦΥΣΙΚΟ ΠΡΟΣΩΠΟ
Personal name Optima
9 (RLIN) 3193
942 ## - ADDED ENTRY ELEMENTS (KOHA)
Koha item type Books
Holdings
Τύπος τεκμηρίου Βιβλιοθήκη Τρέχουσα τοποθεσία Barcode Αριθμός εισαγωγής Ημερομηνία απόκτησης Ταξιθετικό σύμβολο Αριθμός αντιτύπου Κατάσταση απόσυρσης Κατάσταση χαμένου Κατάσταση κατεστραμμένου Μη δανεισμός Σύνολο δανεισμών Ημερομηνία τελευταίας εμφάνισης Η τιμή ισχύει από
Books MC Athens Campus Library MC Athens Campus Library 9780000025005 7144 05/06/2025 306.73 HIT 1           05/06/2025 05/06/2025

MC Athens Campus Library
Πατησίων 94 & Κοδριγκτώνος 13, 104 34
Πελλήνης 8 & Πατησίων 107, 112 51
Τ: +30 210 8899600

MC Thessaloniki Campus Library
Ίωνος Δραγούμη 21, 54625 | Ίωνος Δραγούμη 15, 54625
Τ: +30 2310 287779 – Τ: +30 2314 440300